000 00189 a2200097 4500
001 8593
100 _aMufti Masood
245 _aSalgirah
260 _a
_bFerozsons
_c
090 _c6915
_d6915
942 _aNUST-CAE
_cM
_c33506
999 _c243666
_d243666